<?xml version="1.0" encoding="UTF-8"?>
<record
    xmlns:xsi="http://www.w3.org/2001/XMLSchema-instance"
    xsi:schemaLocation="http://www.loc.gov/MARC21/slim http://www.loc.gov/standards/marcxml/schema/MARC21slim.xsd"
    xmlns="http://www.loc.gov/MARC21/slim">

  <leader>00798nam a2200217   4500</leader>
  <controlfield tag="001">85539</controlfield>
  <controlfield tag="003">BD-RjUL</controlfield>
  <controlfield tag="005">20250813162839.0</controlfield>
  <controlfield tag="008">250217s19571946pk ||||| |||| 00| 0 urd d</controlfield>
  <datafield tag="035" ind1=" " ind2=" ">
    <subfield code="a">(BD-RjUL) 85539</subfield>
  </datafield>
  <datafield tag="040" ind1=" " ind2=" ">
    <subfield code="a">BD-RjUL</subfield>
    <subfield code="b">eng</subfield>
    <subfield code="c">BD-RjUL</subfield>
  </datafield>
  <datafield tag="041" ind1=" " ind2=" ">
    <subfield code="a">urd</subfield>
  </datafield>
  <datafield tag="082" ind1=" " ind2=" ">
    <subfield code="2">23</subfield>
    <subfield code="a">891.439409</subfield>
    <subfield code="b">SAN 1957</subfield>
  </datafield>
  <datafield tag="100" ind1=" " ind2=" ">
    <subfield code="a">&#x633;&#x631;&#x648;&#x631; &#x60C;  &#x627;&#x644; &#x627;&#x62D;&#x645;&#x62F;  ;; Sarwar, Al-Ahmad</subfield>
    <subfield code="9">12398</subfield>
  </datafield>
  <datafield tag="245" ind1="1" ind2="0">
    <subfield code="a">&#x646;&#x626;&#x6D2; &#x627;&#x648;&#x631; &#x67E;&#x631;&#x627;&#x646;&#x6D2; &#x686;&#x631;&#x627;&#x63A; / Na&#x2BC;e aur pur&#x101;ne cir&#x101;g&#x332;h&#x332; /</subfield>
    <subfield code="b">&#x686;&#x646;&#x62F; &#x62A;&#x646;&#x642;&#x6CC;&#x62F;&#x6CC; &#x645;&#x636;&#x627;&#x645;&#x6CC;&#x646; &#x6A9;&#x627; &#x627;&#x6CC;&#x6A9; &#x645;&#x62C;&#x645;&#x648;&#x639;&#x6C1; :  chand tanqeedi mazamin ka ek mujamua /</subfield>
    <subfield code="c">&#x627;&#x644; &#x627;&#x62D;&#x645;&#x62F; &#x633;&#x631;&#x648;&#x631; ;;  Al-Ahmad Sarwar</subfield>
  </datafield>
  <datafield tag="250" ind1=" " ind2=" ">
    <subfield code="a">3rd. ed.</subfield>
  </datafield>
  <datafield tag="260" ind1=" " ind2=" ">
    <subfield code="a">Karachii : </subfield>
    <subfield code="b">Urdu Akademy. ,</subfield>
    <subfield code="c">1957</subfield>
  </datafield>
  <datafield tag="300" ind1=" " ind2=" ">
    <subfield code="a">374 p. ;</subfield>
    <subfield code="c">18 cm</subfield>
  </datafield>
  <datafield tag="650" ind1=" " ind2=" ">
    <subfield code="a">Urdu  Literate </subfield>
    <subfield code="v">history &amp; Criticism</subfield>
    <subfield code="9">15019</subfield>
  </datafield>
  <datafield tag="942" ind1=" " ind2=" ">
    <subfield code="2">ddc</subfield>
    <subfield code="c">BK</subfield>
  </datafield>
  <datafield tag="999" ind1=" " ind2=" ">
    <subfield code="c">85539</subfield>
    <subfield code="d">85539</subfield>
  </datafield>
  <datafield tag="952" ind1=" " ind2=" ">
    <subfield code="0">0</subfield>
    <subfield code="1">0</subfield>
    <subfield code="2">ddc</subfield>
    <subfield code="4">0</subfield>
    <subfield code="7">1</subfield>
    <subfield code="8">NFIC</subfield>
    <subfield code="a">RUCL</subfield>
    <subfield code="b">RUCL</subfield>
    <subfield code="c">Reading</subfield>
    <subfield code="d">1964-10-28</subfield>
    <subfield code="e">Urdu library. ,</subfield>
    <subfield code="g">5.00</subfield>
    <subfield code="l">0</subfield>
    <subfield code="o">U 891.439409 SAN 1957</subfield>
    <subfield code="r">2025-08-13 00:00:00</subfield>
    <subfield code="t">C-1</subfield>
    <subfield code="w">2025-08-13</subfield>
    <subfield code="y">BK</subfield>
  </datafield>
</record>
